01463nmc a2200421 a 4500003000900000005001700009008004100026040001300067245003800080260003100118300003400149490002500183500015100208500006200359650002500421650002800446650002900474650003000503650003300533650002000566650001600586650003000602650001800632650002200650653002300672653002800695700002300723700002200746700002500768700002000793700003100813700002700844800003300871942000700904998001100911999001500922952010400937AR-BaBNM20251128203938.0125119s1961 ||||||||||||||000 | spa|| cAR-BaBNM10aMétodos de la nueva educación aBuenos AiresbLosadac1961 a376 p.bil., gráfs., tablas 0aRevista pedagógica aContiene Método de Proyectos, Método Decroly, Método Montessori, Método Cousinet, Plan Dalton, Método Mckinder y Escuela Individualizada aNotas críticas y bibliográficas por Lorenzo Luzuriaga 4aMETODOS DE ENSENANZA 4aENSENANZA DE LA CIENCIA 4aENSENANZA DE LA HISTORIA 4aENSENANZA DE LA GEOGRAFIA 4aENSENANZA DE LAS MATEMATICAS 4aROL DEL DOCENTE 4aAPRENDIZAJE 4aENSENANZA INDIVIDUALIZADA 4aSOCIALIZACION 4aCONDUCTA INFANTIL aMETODOS EDUCATIVOS aINNOVACIONES EDUCATIVAS1 aLuzuriaga, Lorenzo1 aSaínz, Fernando1 aBallesteros, Antonio1 aSerrano, Leonor1 aSaínz-Amor, Concepción1 aWashburne, Carleton W.1 aLuzuriaga, Lorenzoefundador cBK cCarmen c5569d5569 00102ddc405171aLPLbLPLd2025-11-28l0o371.3 LUZp097939r2025-11-28 20:39:38w2025-11-28yBK